000 00619nam a2200205Ia 4500
005 20250507130348.0
008 008 250505s9999 xx 000 0 eng d
020 _a9780295984568
037 _aAnnuals, Advances
040 _aEASL
_beng
_cEASL
041 _aeng
_2eng
084 _aY:356.42, P4
_qEASL
100 _aGuth Christine M.E.
_9665303
245 0 _aLongfellows Tattoos:Tourism,Collecting,and Japan
260 _aUSA
_bSeattle University of Washington press
_c2004
300 _axxi,234p.
365 _aY
_b4,276
942 _cTEXL
_hY:356.42, P4
999 _c1319244
_d1319244